000 01269nab a22002777a 4500
999 _c6555
_d6555
003 OSt
005 20260224112850.0
008 190506c xxu||||| |||| 00| 0 spa d
040 _cPJ
100 _95725
_aFunes, María Emilia
245 1 0 _aEquidad de género en la promoción laboral :
_bigualdad ante la ley, mejor aún igualdad de oportunidades /
_cMaría Emilia Funes.
260 _aBuenos Aires :
_bAbeledoPerrot,
_c2024.
300 _ap. 3-7
500 _aCita: TR LALEY AR/DOC/1676/2024.
505 _aSumario: I. ¿De qué hablamos?— II. Protección legal.— III. La realidad.— IV. Jurisprudencia.— V. Reforma del Título VII de la LCT.— VI. Conclusiones.— VII. Fuentes.
505 _t¿Te interesa el texto completo? Comunicate al correo: koha@justierradelfuego.gov.ar
650 0 _91316
_aDERECHO LABORAL
650 0 _94044
_aPERSPECTIVA DE GÉNERO
650 0 _91487
_aTRABAJO DE MUJERES
650 0 _94925
_aORGANIZACION INTERNACIONAL DEL TRABAJO
650 0 _95189
_aIGUALDAD DE OPORTUNIDADES
650 0 _91406
_aINCAPACIDAD LABORAL
650 0 _91482
_aLEY SOBRE RIESGOS DEL TRABAJO
773 0 _02751
_93202
_dBuenos Aires : AbeledoPerrot, 2013-
_tRevista de derecho laboral y seguridad social. Nº 15 - Agosto 2024
942 _2udc
_cANA